| 000 | 00379nam a22001337a 4500 | ||
|---|---|---|---|
| 020 | _a93-5063-140-9 | ||
| 082 |
_a657 _bEVE/C |
||
| 100 | _aEVERGREEN PUBLICATIONS | ||
| 245 |
_aCBSE LAST 5 YEARS SOLVED PAPERS IN ACCOUNTANCY _bCLASS XII |
||
| 260 |
_aJALANDHAR _bEVERGREEN PUBLICATIONS _c2015 |
||
| 300 | _a367 | ||
| 650 |
_aACCOUNTANCY SOLVED PAPERS FOR CLASS XII _zINDIA |
||
| 942 | _cBK | ||
| 999 |
_c619 _d619 |
||